Poemas
Saved in:
| Hovedforfatter: | |
|---|---|
| Format: | Bog |
| Sprog: | spansk |
| Udgivet: |
Medellín
Universidad de Antioquía
1980
|
| Fag: | |
| Tags: |
Tilføj Tag
Ingen Tags, Vær først til at tagge denne postø!
|
MARC
| LEADER | 00000nam a2200000 a 4500 | ||
|---|---|---|---|
| 001 | UCZ5983 | ||
| 003 | CL-VaPUC | ||
| 008 | 951130e19800000CK |||||||||||||||||spa|d | ||
| 082 | 0 | 4 | |a Co861 |b ARA |2 21 |
| 100 | 0 | |a Arango, José Manuel |e author |9 350200 | |
| 245 | 1 | 0 | |a Poemas |
| 300 | |a 40 p | ||
| 942 | |c BK | ||
| 945 | |d 19951130 00:00:00 |a rleighto | ||
| 260 | |a Medellín |b Universidad de Antioquía |c 1980 | ||
| 650 | 7 | |a POESIAS COLOMBIANAS |2 CL-VaPUC |9 350201 | |
| 583 | |a last modification |c 19951130 00:00:00 |k Rodrigo Vera | ||
| 999 | |c 242251 |d 242249 | ||
| 952 | |0 0 |1 0 |4 0 |6 CO_861_000000000000000_ARA_1980 |7 0 |8 A |9 255070 |a BIBEDU |b BIBEDU |d 2019-11-19 |i 3156672 |o Co861 ARA 1980 |p 3156672 |r 2019-11-19 |w 2019-11-19 |y BK |k LIT | ||